| 000 | 00922aas a2200229 4500 | ||
|---|---|---|---|
| 999 |
_c53856 _d53856 |
||
| 001 | 768714001 | ||
| 003 | CO-MdFUSB | ||
| 005 | 20171128143830.0 | ||
| 008 | 170808s1997 xxu||||| |||| 00| 0 eng d | ||
| 022 | _a0098-9444 | ||
| 040 |
_aCO-MdFUSB _bspa _cCO-MdFUSB _dCO-MdFUSB |
||
| 041 | _aeng | ||
| 100 | 1 |
_aHolum, Kenneth _eautor |
|
| 242 |
_aIter principis : _bla gira imperial de Adriano |
||
| 245 | 1 | 0 |
_aIter principis : _bHadrian's imperial tour _c/ Kenneth Holum |
| 300 |
_aVolumen 23. Número 6 (1997), páginas 50-51 _c: 28 cm. |
||
| 520 | 1 | _aComo antecedentes de las actividades de Adriano en Jerusalén, volvemos sobre el itinerario de su gran recorrido por las tierras orientales del imperio romano. | |
| 546 | _aTexto en inglés | ||
| 650 | 7 |
_9403 _aExcavaciones arqueológicas |
|
| 773 | 0 |
_tBiblical Archaeology Review _049395 _959487 _gVolumen 23. Número 6 (1997), páginas 50-51 _qPágina 50 |
|
| 942 | _cANA | ||